Logo BPK

Biblioteka

Politechniki Koszalińskiej

Systemy informacyjne w elektroenergetyce : (Rekord nr 19837)

Szczegóły MARC
000 -ETYKIETA REKORDU
podpole kontrolne o stałej długości 00476nam a2200157 i 4500
001 - NUMER KONTROLNY REKORDU
pole kontrolne bg
040 ## - ŹRÓDŁO KATALOGOWANIA
Instytucja, która utworzyła rekord BPK
041 ## - KOD JĘZYKA
Kod języka tekstu pol
080 ## - UNIWERSALNA KLASYFIKACJA DZIESIĘTNA - UKD
UKD 621.31:681.324](075.8)
008 - POLE O STAŁEJ DŁUGOŚCI - DANE KONTROLNE
podpole kontrolne o stałej długości s pl f |000 0 pol
100 1# - NAZWA OSOBOWA
Nazwa osobowa Burgielski, Benedykt.
245 10 - TYTUŁ/ODPOWIEDZIALNOŚĆ
Tytuł Systemy informacyjne w elektroenergetyce :
Ciąg dalszy tytułu wybrane zagadnienia.
Oznaczenie części/sekcji dzieła T. 1,
Tytuł części/sekcji dzieła Analiza i projektowanie /
Pozostałe elementy strefy tytułu i oznaczenia odpowiedzialności Benedykt Burgielski, Andrzej Cichy.
260 ## - STREFA ADRESU WYDAWNICZEGO
Miejsce wydania Warszawa,
Data publikacji, dystrybucji/powstania dokumentu 1980.
700 1# - HASŁO DODATKOWE - NAZWA OSOBOWA
Nazwa osobowa Cichy, Andrzej.
856 ## - LOKALIZACJA I DOSTĘP DO ELEKTRONICZNYCH DOKUMENTÓW ZDALNYCH
Link (URL) http://koha.tu.koszalin.pl/cgi-bin/koha/opac-detail.pl?biblionumber=19837
Tekst linku Katalog online BPK
942 ## - DODATKOWE ELEMENTY (KOHA)
Typ dokumentu Książka
Egzemplarze
Wycofany Status egzemplarza Uszkodzony Dostępność Lokalizacja stała Lokalizacja bieżąca Miejsce przechowywania Sygnatura Kod kreskowy Typ dokumentu
      Dostępny Biblioteka Politechniki Koszalińskiej Biblioteka Politechniki Koszalińskiej Wypożyczalnia BG 27978 02074771 Książka
      Dostępny Biblioteka Politechniki Koszalińskiej Biblioteka Politechniki Koszalińskiej Wypożyczalnia BG 27979 01657135 Książka
© 2023 Biblioteka Politechniki Koszalińskiej :: KOHA